Statistics for General Knowledge - 1

Click here to take the quiz!

General Stats

  • This quiz has been taken 39 times
  • The average score is 7 of 15

Answer Stats

HintAnswer% Correct
In which year did the Titanic sink?1912
89%
What is the collective word for a group of crows?Murder
68%
In which Spanish town is there an annual bull run?Pamplona
66%
Which US State is Topeka the capital?Kansas
66%
What is the highest two figured prime number?97
63%
What is the most expensive property in UK version of Monopoly?Mayfair
47%
Who is the Greek god of wisdom?Athena
47%
In which country was actor Errol Flynn born?Australia
42%
Who was the brother of Pollux?Castor
42%
In which year did Walt Disney die?1966
34%
In which Australian state is Adelaide?South Australia
29%
Who was Israels first Prime Minister?David Ben-Gurion
26%
What is the Worlds oldest airline?KLM
18%
What is the largest citrus fruit?Pomelo
8%
In which US State was Colonel Sanders born?Indiana
8%

Score Distribution

Percentile by Number Answered

Percent of People with Each Score

Your Score History

You have not taken this quiz